| 000 | 00550cam a2200193ua 4500 | ||
|---|---|---|---|
| 001 | 1684 | ||
| 008 | 110715n ii |||gr||||Z||||||eng | ||
| 020 | _a0-07-096396-7 | ||
| 040 | _cMAIN | ||
| 082 | _a338.52 | ||
| 100 |
_aCosta, G. C. Da, _eAuthor. |
||
| 245 | 1 |
_aProduction prices and distribution neoclassical system _cby G. C. Da Costa |
|
| 250 | _a1st. | ||
| 260 |
_aNew Delhi: _bTata mcgraw hill publishing company ltd.,985. |
||
| 300 |
_axv; 415p: _c23cm. |
||
| 653 | _aEconomic | ||
| 653 | _aproduction prices and distribution | ||
| 942 | _cBK | ||
| 999 |
_c1571 _d1571 |
||